Statistics for Category Elimination - Megacities

Click here to take the quiz!

General Stats

  • This quiz has been taken 1,027 times
  • The average score is 16 of 20

Answer Stats

Group#Category% Correct
Blue37Megacities
100%
Blue22... completely in Asia
99%
Blue9... with a population over 20 million
98%
Tan37Megacities
94%
Green17... with a population over 15 million
92%
Green30... not in the Americas
92%
Green37Megacities
92%
Tan30... not completely in Africa or Europe
92%
Red37Megacities
91%
Red31... not on an island
90%
Tan25... with a population under 30 million
88%
Red22... with a population less than 20 million
87%
Blue3... with a population under 30 million
80%
Green4... not completely in Asia
80%
Green1... completely in EuropeMoscow
76%
Red3... in Africa
74%
Tan3... on an island
61%
Tan1... not in JapanManila
56%
Red1... in a country with more than six bordersKinshasa
48%
Blue1... in a two border countryDhaka
42%

Score Distribution

Percentile by Number Answered

Percent of People with Each Score

Your Score History

You have not taken this quiz